Statistics for Middle Evolution Pokémon

Click here to take the quiz!

General Stats

  • This quiz has been taken 38 times
    (10 since last reset)
  • The average score is 106 of 119

Answer Stats

RegionAnswer% Correct
JohtoBayleef
100%
Braixen
100%
Brionne
100%
Chansey
100%
Charmeleon
100%
Clefairy
100%
Combusken
100%
Corvisquire
100%
Cosmoem
100%
Croconaw
100%
Dewott
100%
Dragonair
100%
Drizzile
100%
Electabuzz
100%
Fletchinder
100%
PaldeaFloragato
100%
Frogadier
100%
Gabite
100%
SinnohGrotle
100%
HoennGrovyle
100%
Gurdurr
100%
Herdier
100%
KantoIvysaur
100%
Kakuna
100%
Loudred
100%
Magmar
100%
Marshtomp
100%
Metapod
100%
Monferno
100%
Naclstack
100%
Nidorina
100%
Nidorino
100%
Palpitoad
100%
Pidgeotto
100%
Pignite
100%
Pikachu
100%
Primeape
100%
Prinplup
100%
Pupitar
100%
Quilava
100%
KalosQuilladin
100%
Raboot
100%
Rhydon
100%
UnovaServine
100%
Spewpa
100%
Staravia
100%
GalarThwackey
100%
Vigoroth
100%
Wartortle
100%
Whirlipede
100%
Zweilous
100%
Arctibax
86%
Bisharp
86%
Cascoon
86%
Charjabug
86%
Crocalor
86%
AlolaDartrix
86%
KitakamiDipplin
86%
Duosion
86%
Eelektrik
86%
Floette
86%
Fraxure
86%
Gloom
86%
Golbat
86%
Gothorita
86%
Graveler (Alolan)
86%
Graveler (Kantonian)
86%
Haunter
86%
Jigglypuff
86%
Kadabra
86%
Klang
86%
Lairon
86%
Linoone (Galarian)
86%
Lombre
86%
Luxio
86%
Machoke
86%
Marill
86%
Metang
86%
Morgrem
86%
Mr. Mime (Galarian)
86%
Nuzleaf
86%
Pawmo
86%
Poliwhirl
86%
Porygon2
86%
Quaxwell
86%
Roselia
86%
Seadra
86%
Shelgon
86%
Silcoon
86%
Skiploom
86%
Sliggoo (Hisuian)
86%
Sliggoo (Kalosian)
86%
Swadloon
86%
Torracat
86%
Tranquill
86%
Trumbeak
86%
Vanillish
86%
Vibrava
86%
Weepinbell
86%
Dolliv
71%
Dottler
71%
Drakloak
71%
Dusclops
71%
Flaaffy
71%
Hakamo-o
71%
Hattrem
71%
Kirlia
71%
Krokorok
71%
Lampent
71%
Magneton
71%
Piloswine
71%
Sealeo
71%
Steenee
71%
Tinkatuff
71%
Togetic
71%
Ursaring
71%
Boldore
57%
Carkol
57%
Doublade
57%

Score Distribution

Percentile by Number Answered

Percent of People with Each Score

Your Score History

You have not taken this quiz since the last reset